Central Library OPAC University of Rajshahi

Consumer behavior / (Record no. 25330)

MARC details
000 -LEADER
fixed length control field 00881cam a2200289 a 4500
001 - CONTROL NUMBER
control field 25330
003 - CONTROL NUMBER IDENTIFIER
rucl marc code BD-RjUL
005 - DATE AND TIME OF LATEST TRANSACTION
control field 20211209050850.0
008 - FIXED-LENGTH DATA ELEMENTS--GENERAL INFORMATION
fixed length control field 140318s1982 ilua b 001 0 eng
020 ## - INTERNATIONAL STANDARD BOOK NUMBER
International Standard Book Number 0030592429
035 ## - SYSTEM CONTROL NUMBER
System control number (BD-RjUL)25399
040 ## - CATALOGING SOURCE
Original cataloging agency DLC
Transcribing agency DLC
Modifying agency DLC
-- BD-RjUL
Language of cataloging eng
041 ## - LANGUAGE CODE
Language code of text/sound track or separate title eng
082 00 - DEWEY DECIMAL CLASSIFICATION NUMBER
Classification number 658.8342
Author mark and year ENC 1982
100 1# - MAIN ENTRY--PERSONAL NAME
Personal name Engel, James F.
9 (RLIN) 49934
245 10 - TITLE STATEMENT
Title Consumer behavior /
Statement of responsibility, etc. James F. Engel, Roger D. Blackwell.
250 ## - EDITION STATEMENT
Edition statement 4th ed.
260 ## - PUBLICATION, DISTRIBUTION, ETC. (IMPRINT)
Place of publication, distribution, etc. Chicago :
Name of publisher, distributor, etc. Dryden Press,
Date of publication, distribution, etc. c1982.
300 ## - PHYSICAL DESCRIPTION
Pagination vii, 690 p. :
Illustrations ill. ;
Size 25 cm.
504 ## - BIBLIOGRAPHY, ETC. NOTE
Bibliography, etc Includes bibliographical references and indexes.
650 #0 - SUBJECT ADDED ENTRY--TOPICAL TERM
Topical term or geographic name as entry element Consumer behavior.
9 (RLIN) 77881
Topical term or geographic name as entry element Marketing research.
9 (RLIN) 77882
700 1# - ADDED ENTRY--PERSONAL NAME
Personal name Blackwell, Roger D.
942 ## - ADDED ENTRY ELEMENTS (KOHA)
Source of classification or shelving scheme Dewey Decimal Classification
Koha item type Books
Holdings
Lost status Source of classification or shelving scheme Damaged status Not for loan Collection code Permanent Location Current Location Shelving location Date acquired Source of acquisition Cost, normal purchase price Total Checkouts Full call number Date last seen Copy number Koha item type Date checked out
  Dewey Decimal Classification     Non-fiction Central Library, University of Rajshahi Central Library, University of Rajshahi   04/03/1985 Tulip 12.50   658.8342 ENC 1982 18/03/2014 C-10 Books  
  Dewey Decimal Classification     Non-fiction Central Library, University of Rajshahi Central Library, University of Rajshahi   23/04/1984 Tappan 33.50   658.8342 ENC 1982 18/03/2014 C-3 Books  
  Dewey Decimal Classification     Non-fiction Central Library, University of Rajshahi Central Library, University of Rajshahi   23/04/1984 Tappan 33.50 1 658.8342 ENC 1982 23/12/2015 C-7 Books 05/12/2015
  Dewey Decimal Classification   Not For Loan Non-fiction Central Library, University of Rajshahi Central Library, University of Rajshahi Reading Room 15/08/1985 Tulip 175.00   658.8342 ENC 1982 26/10/2016 C-1 Books  
  Dewey Decimal Classification     Non-fiction Central Library, University of Rajshahi Central Library, University of Rajshahi   15/08/1985 Tulip 175.00   658.8342 ENC 1982 26/10/2016 C-2 Books  
  Dewey Decimal Classification     Non-fiction Central Library, University of Rajshahi Central Library, University of Rajshahi   15/08/1985 Tulip 175.00   658.8342 ENC 1982 26/10/2016 C-4 Books  
  Dewey Decimal Classification     Non-fiction Central Library, University of Rajshahi Central Library, University of Rajshahi   15/08/1985 Tulip 175.00   658.8342 ENC 1982 26/10/2016 C-5 Books  
  Dewey Decimal Classification     Non-fiction Central Library, University of Rajshahi Central Library, University of Rajshahi   15/08/1985 Tulip 175.00   658.8342 ENC 1982 26/10/2016 C-6 Books  
  Dewey Decimal Classification     Non-fiction Central Library, University of Rajshahi Central Library, University of Rajshahi   15/08/1985 Tulip 175.00   658.8342 ENC 1982 26/10/2016 C-8 Books  
  Dewey Decimal Classification     Non-fiction Central Library, University of Rajshahi Central Library, University of Rajshahi   15/08/1985 Tulip 175.00   658.8342 ENC 1982 26/10/2016 C-9 Books